000 00437nam a2200193Ia 4500
005 20240823034921.0
008 240823s9999||||xx |||||||||||||| ||und||
020 _a0-14-026442-6
041 _aENGLISH
082 _A658.00953 N7
100 _aGita Piramal
245 0 _aBusiness Maharajas
250 _a1st
260 _c1997
_b"Penguin Books,En"
500 _aYES
650 _aNovel
_bEnglish
942 _cBK
999 _c199436
_d199436